Les feats les plus célèbres de Rihanna - Statistiques

Statistiques générales
  • Ce quiz a été pris 101 fois
  • Le résultat moyen est 6 sur 10
Statistiques - réponses
Titres Chanteurs/groupes % Correct
Love the way you lie Eminem
98%
The monster Eminem
98%
Wild thoughts DJ Khaled / Bryson Tiller
75%
Run this town Jay-Z / Kanye West
64%
Loyalty Kendrick Lamar
55%
Princess of China Coldplay
53%
Live your life T.I.
43%
Stay Mikky Ekko
29%
If I never see your face again Maroon 5
20%
Lemon N.E.R.D.
19%
Aucun quiz correspondant
Distribution des résultats
% des personnes avec chaque résultat
Percentile par nombre de réponses
Votre historique - résultats
Vous n’avez pas pris ce quiz